000 00586nam a22001817a 4500
005 20231108100934.0
008 231108b |||||||| |||| 00| 0 eng d
020 _a9780409061307
041 _aEnglish
082 _a346.3 NEE
100 _aNeethling, J ; Potgieter, JM and Visser, PJ
_lEnglish
245 _aNeethling's Law of Personality /
_cJ Neethling, JM Potgieter and PJ Visser
250 _aSecond Edition
260 _aDurban :
_bLexisNexis,
_c2005
300 _bxi, 336 pages ;
_c25 cm.
650 _aLegal practice
_bLaw
942 _cBK
_6ALISON_BN_VRIES
999 _c415
_d415